<?xml version="1.0" encoding="UTF-8"?>
<record
    xmlns:xsi="http://www.w3.org/2001/XMLSchema-instance"
    xsi:schemaLocation="http://www.loc.gov/MARC21/slim http://www.loc.gov/standards/marcxml/schema/MARC21slim.xsd"
    xmlns="http://www.loc.gov/MARC21/slim">

  <leader>01441nam0a2200313   4500</leader>
  <controlfield tag="001">RU\NLR\BIBL_A\011213071</controlfield>
  <controlfield tag="005">20250810071956.0</controlfield>
  <datafield tag="035" ind1=" " ind2=" ">
    <subfield code="a">(NLR Aleph) 011213071</subfield>
  </datafield>
  <datafield tag="090" ind1=" " ind2=" ">
    <subfield code="a">13329246</subfield>
    <subfield code="c">13329246</subfield>
  </datafield>
  <datafield tag="100" ind1=" " ind2=" ">
    <subfield code="a">20160915d1941    u  y0rusy50      ca</subfield>
  </datafield>
  <datafield tag="101" ind1="0" ind2=" ">
    <subfield code="a">kir</subfield>
  </datafield>
  <datafield tag="102" ind1=" " ind2=" ">
    <subfield code="a">KG</subfield>
  </datafield>
  <datafield tag="105" ind1=" " ind2=" ">
    <subfield code="a">y   z   000 y</subfield>
  </datafield>
  <datafield tag="200" ind1="1" ind2=" ">
    <subfield code="a">&#x4AE;&#x440;&#x433;&#x473;&#x43D;&#x447;</subfield>
    <subfield code="e">&#x42B;&#x440;&#x44B;&#x441;&#x43C;&#x435;&#x43D;&#x434;&#x435;&#x435;&#x432; &#x410;&#x43A;&#x43C;&#x430;&#x442;&#x442;&#x44B;&#x43D; &#x430;&#x439;&#x442;&#x443;&#x443;&#x448;&#x443; &#x431;&#x43E;&#x44E;&#x43D;&#x447;&#x430;</subfield>
    <subfield code="f">&#x41A;&#x44B;&#x440;&#x433;&#x44B;&#x437; &#x442;&#x438;&#x43B;&#x438;&#x43D;&#x438;&#x43D; &#x436;&#x430;&#x43D;&#x430; &#x430;&#x434;&#x430;&#x431;&#x438;&#x439;&#x430;&#x442;&#x44B;&#x43D;&#x44B;&#x43D; &#x438;&#x43B;&#x438;&#x43C; &#x438;&#x437;&#x438;&#x43B;&#x434;&#x473;&#x473; &#x438;&#x43D;-&#x442;&#x443;&#x442;&#x443;</subfield>
    <subfield code="g">&#x431;&#x430;&#x441;&#x43C;&#x430;&#x433;&#x430; &#x434;&#x430;&#x44F;&#x440;&#x434;&#x430;&#x433;&#x430;&#x43D; &#x410;&#x431;&#x434;&#x44B;&#x440;&#x430;&#x43A;&#x43C;&#x430;&#x43D;&#x43E;&#x432; &#x42B;.</subfield>
  </datafield>
  <datafield tag="210" ind1=" " ind2=" ">
    <subfield code="a">&#x424;&#x440;&#x443;&#x43D;&#x437;&#x435;</subfield>
    <subfield code="c">&#x41A;&#x44B;&#x440;&#x433;&#x44B;&#x437;&#x43C;&#x430;&#x43C;&#x431;&#x430;&#x441;</subfield>
    <subfield code="d">1941</subfield>
  </datafield>
  <datafield tag="215" ind1=" " ind2=" ">
    <subfield code="a">61,[1] &#x441;.</subfield>
    <subfield code="d">15</subfield>
  </datafield>
  <datafield tag="225" ind1="1" ind2=" ">
    <subfield code="a">&#x41C;&#x430;&#x43D;&#x430;&#x441; &#x441;&#x435;&#x440;&#x438;&#x44F;&#x43B;&#x430;&#x440;&#x44B;</subfield>
    <subfield code="e">(&#x421;&#x435;&#x43C;&#x438;&#x442;&#x435;&#x439;&#x434;&#x435;&#x43D;)</subfield>
  </datafield>
  <datafield tag="300" ind1=" " ind2=" ">
    <subfield code="a">&#x41B;&#x430;&#x442;&#x438;&#x43D;. &#x433;&#x440;&#x430;&#x444;&#x438;&#x43A;&#x430;</subfield>
  </datafield>
  <datafield tag="541" ind1="1" ind2=" ">
    <subfield code="a">&#x41E;&#x43F;&#x438;&#x441;&#x430;&#x43D;&#x438;&#x435; &#x423;&#x440;&#x433;&#x435;&#x43D;&#x447;&#x430;</subfield>
    <subfield code="e">(&#x43E;&#x442;&#x440;&#x44B;&#x432;&#x43A;&#x438; &#x438;&#x437; "&#x421;&#x435;&#x43C;&#x435;&#x442;&#x435;&#x44F;")</subfield>
    <subfield code="z">rus</subfield>
  </datafield>
  <datafield tag="605" ind1=" " ind2=" ">
    <subfield code="a">"&#x41C;&#x430;&#x43D;&#x430;&#x441;"</subfield>
    <subfield code="l">&#x43A;&#x438;&#x440;&#x433;&#x438;&#x437;&#x441;&#x43A;&#x438;&#x439; &#x433;&#x435;&#x440;&#x43E;&#x438;&#x447;&#x435;&#x441;&#x43A;&#x438;&#x439; &#x44D;&#x43F;&#x43E;&#x441;</subfield>
    <subfield code="9">1395721</subfield>
    <subfield code="3">RU\NLR\AUTH\66274120</subfield>
  </datafield>
  <datafield tag="686" ind1="1" ind2=" ">
    <subfield code="a">&#x428;3(257=&#x41A;&#x438;)-611</subfield>
  </datafield>
  <datafield tag="702" ind1=" " ind2="1">
    <subfield code="a">&#x410;&#x431;&#x434;&#x44B;&#x440;&#x430;&#x445;&#x43C;&#x430;&#x43D;&#x43E;&#x432;</subfield>
    <subfield code="b">&#x42B;.</subfield>
    <subfield code="c">&#x43F;&#x43E;&#x44D;&#x442;, &#x441;&#x43A;&#x430;&#x437;&#x438;&#x442;&#x435;&#x43B;&#x44C;-&#x43C;&#x430;&#x43D;&#x430;&#x441;&#x447;&#x438;</subfield>
    <subfield code="f">1888-1967</subfield>
    <subfield code="g">&#x42B;&#x431;&#x44B;&#x440;&#x430;&#x439;&#x44B;&#x43C;</subfield>
    <subfield code="4">220</subfield>
  </datafield>
  <datafield tag="702" ind1=" " ind2="1">
    <subfield code="a">&#x420;&#x44B;&#x441;&#x43C;&#x435;&#x43D;&#x434;&#x435;&#x435;&#x432;</subfield>
    <subfield code="b">&#x410;.</subfield>
    <subfield code="c">&#x441;&#x43A;&#x430;&#x437;&#x438;&#x442;&#x435;&#x43B;&#x44C;</subfield>
    <subfield code="f">1891-1966</subfield>
    <subfield code="g">&#x410;&#x43A;&#x43C;&#x430;&#x442;</subfield>
    <subfield code="4">100</subfield>
  </datafield>
  <datafield tag="852" ind1=" " ind2=" ">
    <subfield code="a">NLR</subfield>
    <subfield code="b">&#x41E;&#x41D;&#x41B;</subfield>
    <subfield code="j">&#x41A;&#x438;&#x440;&#x433;./1-178</subfield>
  </datafield>
  <datafield tag="942" ind1=" " ind2=" ">
    <subfield code="c">BOOK</subfield>
  </datafield>
  <datafield tag="945" ind1=" " ind2=" ">
    <subfield code="a">&#x420;&#x43E;&#x441;&#x441;&#x438;&#x439;&#x441;&#x43A;&#x430;&#x44F; &#x43D;&#x430;&#x446;&#x438;&#x43E;&#x43D;&#x430;&#x43B;&#x44C;&#x43D;&#x430;&#x44F; &#x431;&#x438;&#x431;&#x43B;&#x438;&#x43E;&#x442;&#x435;&#x43A;&#x430;</subfield>
  </datafield>
  <datafield tag="980" ind1=" " ind2=" ">
    <subfield code="a">BV</subfield>
  </datafield>
  <datafield tag="980" ind1=" " ind2=" ">
    <subfield code="a">NB</subfield>
  </datafield>
  <datafield tag="995" ind1=" " ind2=" ">
    <subfield code="5">2016-09-15</subfield>
    <subfield code="a">ad</subfield>
    <subfield code="b">NLR01</subfield>
    <subfield code="c">NLR01</subfield>
    <subfield code="e">ONL01</subfield>
    <subfield code="f">1-1441414</subfield>
    <subfield code="k">&#x41E;&#x41D;&#x41B; &#x41A;&#x438;&#x440;&#x433;./1-178</subfield>
    <subfield code="o">0</subfield>
    <subfield code="p">0.00</subfield>
    <subfield code="r">BOOK</subfield>
    <subfield code="s">_1178</subfield>
  </datafield>
</record>
